| 000 | 00870cam a22002415a 4500 | ||
|---|---|---|---|
| 001 | E149123 | ||
| 008 | 100114s2010 xxko f 000 0 eng d | ||
| 020 | _a9781848061224 | ||
| 035 | _a(Sirsi) u149123 | ||
| 041 | 0 | _aeng | |
| 050 | 0 | 4 | _a690 $2 18 |
| 100 | 1 | _aForward, David | |
| 245 | 0 | 0 | _aGround source heat pumps |
| 260 |
_aWatford _bBRE _c2010 |
||
| 300 |
_a8p. _bill. _c30cm. |
||
| 490 | 0 |
_aBRE Information Paper _v(2/10) |
|
| 520 | _aDiscusses the harnessing of geothermal energy through ground source heat pumps, which can be used as a low-carbon energy option. Exmaines how ground source heat pumps can be used, and looks at two case studies involving their installation and use. | ||
| 521 | _aAdvanced | ||
| 590 | _aKA | ||
| 651 | 4 |
_aUnited Kingdom _y |
|
| 690 | _aENVIRONMENTAL AND LAND CONSULTANCY-ENERGY-ENERGY USE-ENERGY EFFICIENCY | ||
| 942 | _n0 | ||
| 999 |
_c110374 _d110374 |
||